000 01098nam a22002177a 4500
999 _c62763
_d62763
003 Ge_BSU
005 20250210144817.0
008 250210s2013 ge ||||| |||| 00| 0 geo d
041 _ageo
080 _a37.091.212 : 028.01 კ-95
100 _aკუტალაძე, ია.
_913573
245 _aწიგნიერება :
_bPIRLS-2011 მოსწავლეთა მიღწევა და მასთა დაკავშირებული ფაქტორები /
_cია კუტალაძე; რედ. ნინო გორდელაძე; გამოცდების ეროვნ. ცენტრი.
264 _a[თბ.],
_c2013.
300 _a190 გვ. :
_b ილ. ;
_c29 სმ.
504 _aბიბლიოგრ. გვ.
653 _aწიგნიერება
653 _aგამოცდები
700 _a გორდელაძე, ნინო
_eრედაქტორი
_924292
710 _a გამოცდების ერონვ. ცენტრი.
_924293
942 _2udc
_cᲬᲘᲒᲜᲘ